Rihanna Lyrics Quiz - Statistics

General Stats
  • This quiz has been taken 1,394 times
  • The average score is 9 of 15
Answer Stats
Lyrics Answer % Correct
Found light in a beautiful sea I choose to be happy Diamonds
95%
Round and around and around and around we go Stay
85%
Tonight imma let you be the captain Rude Boy
71%
Come Mr. DJ won't turn the music up Pon de Replay
70%
I've been everywhere, man, looking for someone Where Have You Been
69%
I want you to love me like I'm a hot pie Only Girl (In The World)
67%
Yellow diamonds in the light We Found Love
60%
Hey boy, I really wanna see if you can go downtown with a girl like me What's My Name?
60%
I didn't mean to lay him down but it's too late to turn back now Man Down
54%
Strip clubs and dollar bills I still got my money Pour It Up
53%
Turn up to Rihanna while the whole club f-king wasted Bitch Better Have My Money
52%
And you can see my heart beating Russian Roulette
39%
All I wanted from you was to give me something that I never had Work
39%
It's like a darkness in light Disturbia
38%
But you called 'bout thousand times wondering where I've been FourFiveSeconds
26%
No matching quizzes found
Score Distribution
Percent of People with Each Score
Percentile by Number Answered
Your Score History
You have not taken this quiz